La prueba diabl̤ica penal Entelequia normativa y prisin̤ preventiva /

Bibliographic Details
Main Author: Pascual Cadena, Antoni
Format: eBook
Language:Spanish
Published: Barcelona: J.M. Bosch Editor, 2021
Subjects:
Online Access:Acceso restringido

MARC

LEADER 00000nam a22000007a 4500
005 2022050905585.0
007 cr|||| ||||
008 220509s2021 es |||||s|||| 00||0 spa d
020 |a 978-84-122827-9-5 
035 |a 35609 
040 |a vLex 
090 |c 13299  |d 13299 
100 1 |a Pascual Cadena, Antoni 
245 1 2 |a La prueba diabl̤ica penal  |h [Recurso electrn̤ico] :  |b Entelequia normativa y prisin̤ preventiva /  |c Antoni Pascual Cadena 
256 |a Servicio en ln̕ea 
260 |a Barcelona:  |b J.M. Bosch Editor,  |c 2021 
300 |a 1 recurso electrn̤ico 
500 |a Si preguntamos qu ̌es la Presuncin̤ de Inocencia, la mayora̕ de la gente dir ̀que ±nadie es culpable hasta que se demuestre lo contrario», una entelequia normativa que el pueblo llano no comprende y que, adems̀, resulta de todo punto ilg̤ica. El Tribunal Constitucional ha seąlado que nos hallamos frente a una regla de trato que opera tanto en instruccin̤ como en fase de juicio oral. A su vez, la privacin̤ provisional de libertad tambiň se configura como una suerte de batalla de presunciones entre la de Inocencia y las contenidas en la LECrim que se refieren a los fines inherentes a la prisin̤ preventiva, a partir de una presuncin̤ de culpabilidad que legitima su determinacin̤ en base a los eventuales peligros de huida, de alteracin̤ de pruebas o de reincidencia. As,̕ pues, se evala︢n hechos futuros, que encierran un juicio de probabilidad e incerteza, y que funcionan como una verdadera prueba legal negativa. La prueba de hechos negativos es la llamada prueba diabl̤ica, un concepto residual que solamente es mencionado a travš de referencias y siempre con alusin̤ a la carga de la prueba. Su objeto (los hechos negativos), su proceso lg̤ico (la inferencia) y su conclusin̤ (la carga de la prueba) merecen todo el respeto atendiendo a su relevancia en la estrategia procesal tanto para la defensa como para la acusacin̤. Aunque, sin embargo, su importancia en el Derecho Penal prc̀tico an︢ no ha sido puesta de manifiesto. El presente estudio analiza los llamados procesos de inferencia de los indicios de criminalidad, con el objetivo de vislumbrar su falta de lg̤ica desde el punto de vista del razonamiento, de la verificacin̤ y de la motivacin̤. Y ello por cuanto los jueces, en su exǧesis, se remiten a la Ley y a la jurisprudencia constitucional en vez de a los hechos objeto de autos. As,̕ se les ha arrebatado la tčnica del razonamiento, y con ello la posibilidad de impugnacin̤ y control, lo que supone una usurpacin̤ inadmisible de sus funciones. De esta forma, la Presuncin̤ de Inocencia parece ms̀ bien ±un robo que un regalo», pues al examinarse los fines que justifican la prisin̤ preventiva como hechos negativos que son y que, por lo tanto, an︢ no existen, se est ̀construyendo una verdadera ±Probatio diavolica» que no puede ser aceptada en modo alguno. 
506 1 |a Disponible solo en los productos indicados  |d vLex Global  |d vLex Global (Academic Edition, excluding Law Schools)  |d vLex Global (U.S. Academic Edition, Law Schools)  |d vLex Global (U.S. Academic Edition, excluding Law Schools)  |d vLex Global (Academic Edition, Law Schools) 
650 0 4 |a Derecho Penal  |z Espaą 
650 0 4 |a Derecho Procesal  |z Espaą 
650 0 4 |a Procedimiento Penal  |z Espaą 
650 0 4 |a Derecho Militar  |z Espaą 
740 0 |a vLex Libros (Servicio en ln̕ea) 
856 4 0 |u https://app.vlex.com/#/sources/35609  |z Acceso restringido 
942 |c BOOK 
999 0 |a Criminal Law 
999 0 |a Procedural Law 
999 0 |a Criminal Procedure 
999 0 |a Military Law